[Event "Secondario 15th"]
[Site "Caorle"]
[Date "1990.07.13"]
[Round "7.31"]
[White "Miotto, R."]
[Black "Papa, Angelo"]
[Result "1-0"]
[WhiteElo "1986"]
[BlackElo "1800"]
[PlyCount "43"]
[EventDate "1990.07.07"]
[EventType "swiss"]
[EventRounds "8"]
[EventCountry "ITA"]
[SourceTitle "EXT 2023"]
[Source "ChessBase"]
[SourceDate "2022.10.05"]
[SourceVersion "1"]
[SourceVersionDate "2022.10.05"]
[SourceQuality "1"]

1. e4 d5 2. exd5 Qxd5 3. Nc3 Qa5 4. Nf3 Nf6 5. Be2 Bf5 6. 0-0 c6 7. d4 e6 8. Ne5 Nbd7 9. Bf4 Nxe5 10. Bxe5 Be7 11. g4 Bg6 12. f4 Ne4 13. f5 Nxc3 14. bxc3 Qxc3 15. fxg6 hxg6 16. Rb1 Qe3+ 17. Kh1 0-0-0 18. Rxf7 Bd6 19. Bxd6 Rxd6 20. Rbxb7 Rxd4 21. Rb8+ Kxb8 22. Qb1+ 1-0

[Event "Secondario 15th"]
[Site "Caorle"]
[Date "1990.07.09"]
[Round "3.39"]
[White "Miotto, R."]
[Black "Tomio, Dante"]
[Result "1-0"]
[WhiteElo "1986"]
[BlackElo "1800"]
[PlyCount "71"]
[EventDate "1990.07.07"]
[EventType "swiss"]
[EventRounds "8"]
[EventCountry "ITA"]
[SourceTitle "EXT 2023"]
[Source "ChessBase"]
[SourceDate "2022.10.05"]
[SourceVersion "1"]
[SourceVersionDate "2022.10.05"]
[SourceQuality "1"]

1. e4 c5 2. Nc3 Nc6 3. f4 d6 4. Nf3 g6 5. Bc4 Bg7 6. 0-0 Bg4 7. Bxf7+ Kd7 8. d3 Nh6 9. Bb3 a6 10. Qe1 e6 11. Ng5 b5 12. h3 c4 13. dxc4 bxc4 14. Bxc4 Qb6+ 15. Kh1 Nd4 16. Bb3 Nxb3 17. axb3 Bd4 18. Qh4 Bxc3 19. bxc3 Be2 20. Re1 Bh5 21. g4 Rac8 22. gxh5 Qc6 23. Bb2 Nf5 24. Qf2 gxh5 25. Kh2 Ng7 26. Rad1 Rhg8 27. Ba3 Ne8 28. Bxd6 Nxd6 29. e5 Qxc3 30. Rxd6+ Ke8 31. Rxe6+ Kf8 32. Rf6+ Ke7 33. Qa7+ Rc7 34. Qxc7+ Qxc7 35. Rf7+ Kd8 36. Rxc7 1-0

[Event "Secondario 15th"]
[Site "Caorle"]
[Date "1990.07.07"]
[Round "1.34"]
[White "Miotto, R."]
[Black "Stankovic, Andrej"]
[Result "1/2-1/2"]
[WhiteElo "1986"]
[BlackElo "1800"]
[PlyCount "97"]
[EventDate "1990.07.07"]
[EventType "swiss"]
[EventRounds "8"]
[EventCountry "ITA"]
[SourceTitle "EXT 2023"]
[Source "ChessBase"]
[SourceDate "2022.10.05"]
[SourceVersion "1"]
[SourceVersionDate "2022.10.05"]
[SourceQuality "1"]

1. e4 c5 2. Nc3 Nc6 3. f4 g6 4. Nf3 Bg7 5. Bc4 e6 6. 0-0 Nge7 7. d3 d5 8. Bb5 0-0 9. Bxc6 Nxc6 10. Ne2 Qb6 11. Kh1 dxe4 12. dxe4 Rd8 13. Qe1 Nb4 14. Qh4 Nxc2 15. Rb1 f5 16. b3 Qc7 17. Bb2 Bxb2 18. Rxb2 Ne3 19. Re1 fxe4 20. Ng5 Nf5 21. Qh3 Nd6 22. Nc3 e5 23. Qe3 exf4 24. Qxf4 Qg7 25. Rc2 b6 26. Nd5 h6 27. Nf6+ Kh8 28. Rd2 hxg5 29. Qxg5 Bg4 30. Nxg4 Nf7 31. Qh4+ Qh7 32. Qf6+ Qg7 33. Qh4+ Qh7 34. Qf6+ Qg7 35. Rde2 Qxf6 36. Nxf6 Kg7 37. Nxe4 Rd4 38. Ng3 Rad8 39. h3 Rd1 40. Kh2 Rxe1 41. Rxe1 Rd2 42. Re2 Rxe2 43. Nxe2 Kf6 44. Kg3 Ke5 45. Kf3 b5 46. Ke3 Nd6 47. g3 a6 48. h4 Nf5+ 49. Kd3 1/2-1/2

[Event "Caorle op"]
[Site "Caorle"]
[Date "1988.??.??"]
[Round "6"]
[White "Samaritani, Fabio"]
[Black "Miotto, R."]
[Result "1/2-1/2"]
[WhiteElo "2020"]
[BlackElo "1900"]
[PlyCount "91"]
[EventDate "1988.??.??"]
[EventType "swiss"]
[EventRounds "8"]
[EventCountry "ITA"]
[SourceTitle "EXT 1999"]
[Source "ChessBase"]
[SourceDate "1998.11.16"]
[SourceVersion "1"]
[SourceVersionDate "1998.11.16"]
[SourceQuality "1"]

1. e4 e5 2. Nf3 Nc6 3. Bb5 Nf6 4. 0-0 Bc5 5. d3 d6 6. c3 0-0 7. Bg5 Bb6 8. Nbd2 Bg4 9. Nc4 h6 10. Nxb6 axb6 11. Be3 Nh7 12. h3 Bh5 13. g4 Bg6 14. Kh2 Nb8 15. Bc4 c6 16. Bb3 Nd7 17. Rg1 Kh8 18. h4 h5 19. Ng5 hxg4 20. Qxg4 f5 21. exf5 Bxf5 22. Qh5 d5 23. Rg3 Qe7 24. Rag1 g6 25. Qh6 Ndf6 26. d4 e4 27. Bf4 Qg7 28. Nxh7 Qxh7 29. Qxh7+ Kxh7 30. Be5 Kg7 31. Rg5 Kf7 32. c4 Rh8 33. cxd5 cxd5 34. Kg3 Rhd8 35. Bxf6 Kxf6 36. Rc1 Rac8 37. Rxc8 Rxc8 38. Bxd5 Rd8 39. Bxb7 Rxd4 40. Kf4 Rd2 41. Bxe4 Rxf2+ 42. Ke3 Rxb2 43. Rg2 Rb4 44. Bd5 Rxh4 45. Rb2 Ke5 46. Bf3 1/2-1/2

[Event "Caorle op"]
[Site "Caorle"]
[Date "1988.??.??"]
[Round "2"]
[White "Simonovski, Mile"]
[Black "Miotto, R."]
[Result "0-1"]
[WhiteElo "2000"]
[BlackElo "1900"]
[PlyCount "44"]
[EventDate "1988.??.??"]
[EventType "swiss"]
[EventRounds "8"]
[EventCountry "ITA"]
[SourceTitle "EXT 1999"]
[Source "ChessBase"]
[SourceDate "1998.11.16"]
[SourceVersion "1"]
[SourceVersionDate "1998.11.16"]
[SourceQuality "1"]

1. e4 e5 2. Nf3 Nc6 3. Bb5 Nf6 4. 0-0 Bc5 5. Nxe5 Nxe5 6. d4 Qe7 7. dxe5 Qxe5 8. Bd3 d6 9. h3 Bxh3 10. Qf3 Bg4 11. Qf4 Qe6 12. Nc3 h5 13. Nb5 0-0-0 14. c3 h4 15. Kh2 g5 16. Qxg5 h3 17. g3 Bf3 18. g4 Nxg4+ 19. Kg3 Ne5 20. Qf4 Rdg8+ 21. Kh2 Rg2+ 22. Kh1 Rxf2+ 0-1